Situación de los derechos humanos en Guatemala

Bewaard in:
Bibliografische gegevens
Coauteur: Centro de Estudios de Guatemala
Formaat: Texto
Gepubliceerd in: Guatemala: Centro de Estudios de Guatemala
Tags: Voeg label toe
Geen labels, Wees de eerste die dit record labelt!

MARC

LEADER 00000 a a2200000 04500
001 23794
003
040
090 |a 168300  
110 |a Centro de Estudios de Guatemala  
245 |a Situación de los derechos humanos en Guatemala  
260 |a Guatemala:   |b Centro de Estudios de Guatemala  
300 |a 14 p.  
999 |c 16284  |d 16284